Donna e lavoro nella documentazione epigrafica: atti del I seminario sulla condizione femminile nella documentazione epigrafica
Salvato in:
| Autore principale: | |
|---|---|
| Altri autori: | |
| Natura: | Libro |
| Lingua: | italiano |
| Pubblicazione: |
Verona, Italia
Fratelli Lega
2003
|
| Serie: | Epigrafia e Antichità.
19 |
| Soggetti: | |
| Tags: |
Aggiungi Tag
Nessun Tag, puoi essere il primo ad aggiungerne!!
|
MARC
| LEADER | 00000cam a2200000 a 4500 | ||
|---|---|---|---|
| 001 | UCD9072 | ||
| 003 | CL-VaPUC | ||
| 005 | 20200909164211.0 | ||
| 008 | 170602e20030000it 1 ita d | ||
| 999 | |c 384883 |d 384881 | ||
| 040 | |c Pontificia Universidad Católica de Valparaíso | ||
| 082 | 0 | 4 | |a 411.7 BUO 2003 |2 21 |
| 100 | 1 | |a Buonopane, Alfredo |9 622244 | |
| 245 | 1 | 0 | |a Donna e lavoro nella documentazione epigrafica: atti del I seminario sulla condizione femminile nella documentazione epigrafica |
| 260 | 0 | 3 | |a Verona, Italia |b Fratelli Lega |c 2003 |
| 300 | |a 289 páginas | ||
| 490 | 0 | |a Epigrafia e Antichità. |v 19 | |
| 518 | |p Seminario sulla Condizione Femminile nella Documentazione Epigrafica, 1, Bologna, 21 novembre 2002 | ||
| 546 | |a En Italiano | ||
| 583 | |a last modification |c 20190909 10:05:04 |k Rodrigo Vera | ||
| 650 | 0 | 7 | |a EPIGRAFIA LATINA |2 CL-VaPUC |9 439909 |
| 650 | 0 | 7 | |a CULTURAS ANTIGUAS |2 CL-VaPUC |9 368814 |
| 700 | 1 | |a Cenerini, Francesca |9 622245 | |
| 942 | |c BK |2 ddc | ||
| 945 | |a dcastane |d 20170602 23:29:00 | ||
| 952 | |0 0 |1 0 |2 ddc |3 erb |4 0 |6 411_700000000000000_BUO_2003 |7 0 |8 A |9 507886 |a FDOLAF |b FDOLAF |e Laffi, Umberto |i 5394732 |o 411.7 BUO 2003 |p 5394732 |r 2024-01-30 |t 1 |w 2020-01-23 |y BK |z Catalogado en:20170602 |k LAF | ||